00220nam a2200085Ia 4500001000800000005001700008008004100025245004800066260002000114120619320251014093334.0250824s9999 xx 000 0 und d 0aKORKU VE YAKARIŞ cCAHİT ZARİFOĞLU bBEYAN YAYINLARI